| 000 -LEADER |
| fixed length control field |
00838nam a2200265Ia 4500 |
| 001 - CONTROL NUMBER |
| control field |
11050 |
| 003 - CONTROL NUMBER IDENTIFIER |
| control field |
GE_BSU |
| 008 - FIXED-LENGTH DATA ELEMENTS--GENERAL INFORMATION |
| fixed length control field |
181216s||||||||xx |||||||||||||| ||und|| |
| 020 ## - INTERNATIONAL STANDARD BOOK NUMBER |
| International Standard Book Number |
9780203891414(ebk) |
| 040 ## - CATALOGING SOURCE |
| Transcribing agency |
GE_BSU |
| 080 ## - UNIVERSAL DECIMAL CLASSIFICATION NUMBER |
| Universal Decimal Classification number |
378.1/25 |
| 245 #2 - TITLE STATEMENT |
| Title |
A Handbook For Teaching and Learning in Higher Education. |
| 245 ## - TITLE STATEMENT |
| Remainder of title |
Enhancing Academic Practice. |
| 245 ## - TITLE STATEMENT |
| Statement of responsibility, etc. |
Edited by Heather Fry,Steve Ketteridge, Stephanie Marshall. |
| 250 ## - EDITION STATEMENT |
| Edition statement |
Third edition. |
| 260 ## - PUBLICATION, DISTRIBUTION, ETC. |
| Place of publication, distribution, etc. |
New York. |
| 260 ## - PUBLICATION, DISTRIBUTION, ETC. |
| Name of publisher, distributor, etc. |
Routledge. |
| 260 ## - PUBLICATION, DISTRIBUTION, ETC. |
| Date of publication, distribution, etc. |
2009. |
| 300 ## - PHYSICAL DESCRIPTION |
| Extent |
525p;ill;24cm. |
| 520 ## - SUMMARY, ETC. |
| Summary, etc. |
შემოსულია ტემპუსის პროექტით. |
| 653 ## - INDEX TERM--UNCONTROLLED |
| Uncontrolled term |
A Handbook For Teaching and Learning in Higher Education. |
| 653 ## - INDEX TERM--UNCONTROLLED |
| Uncontrolled term |
ტემპუსის პროექტით |
| 942 ## - ADDED ENTRY ELEMENTS (KOHA) |
| Koha item type |
წიგნი |